000 01270nam a2200349 a 4500
001 dia_5499
003 CHAP
005 20240131104613.0
007 ta
008 220117s1991 mx abd f 001 0 spa d
040 _cCHAP
_amxchpua
090 _aT.C.123
_bC68 SAI
_c1991
245 1 0 _aEl sistema agroindustrial limón en México /
_ccoordinador Ignacio Covarrubias Gutiérrez ; colaborador J. Reyes Altamirano Cárdenas...[y otros]
260 _aMéxico :
_bEl autor,
_c1991
300 _a127 hojas :
_bilustraciones, tablas, gráficas, mapas
336 _2rdacontent
_atexto
_btxt
337 _2rdamedia
_asin medio
_bn
338 _2rdacarrier
_avolumen
_bnc
500 _aDirectorio : hoja 127
502 _aViaje de estudios
_b(SAI) --
_cUACh. Departamento de Ingeniería Agroindustrial,
_d1991
504 _aBibliografía : hoja 85
650 1 3 _aLimón
_xIndustria y comercio
_966834
650 1 3 _aLemons
_9148301
_xIndustry and trade
700 1 _aCovarrubias Gutiérrez, Ignacio
_928697
_ecoordinador
700 1 _aAltamirano Cárdenas, J. Reyes
_ecolaborador
_94659
901 _aT.C.123 C68 SAI 1991
902 _aM
905 _a5332261991 mx bnim8222223322spa16
942 _2local
942 _cVE
999 _c176430
_d176430